Americký model solventnosti

Bibliographic Details
Main Author: Bozsnyáková, Erika 1972- (Author)
Format: Article
Language:Slovak
ISSN:1335-1044
Subjects:

MARC

LEADER 00000nab a2200000 a 4500
001 vtls000712290
003 SK-MaSNL
005 20260302194051.0
008 040806c1999 xo 0 slo
015 |a SNBRB2000/02-06094 
035 |a CLN000064457 
040 |a SNKBUCL  |b slo  |c SNKBUCL  |e AACR2 
041 0 |a slo 
044 |a xo  |c SK 
080 |a 368(73):658.155  |2 UDC-MRF-SK2 
080 |a 658.155  |2 UDC-MRF-SK2 
100 1 |a Bozsnyáková, Erika  |d 1972-  |4 aut  |9 904772 
245 1 0 |a Americký model solventnosti  |c Erika Bozsnyáková 
650 0 7 |a poisťovne  |x schopnosť platobná  |x modely  |z USA  |2 snkbucl  |9 913615 
650 0 7 |a platobná schopnosť  |2 SNKPH  |9 157090 
655 7 |a články z novín a časopisov  |2 snkbucl  |9 267496 
773 0 |x 1335-1044  |t Poistné rozhľady  |g Roč. 5, č. 1 (1999), s. 14-15 
850 |a Slovenská národná knižnica v Martine 
852 |a SNK  |b KIS3GCP 
999 |c 1447205  |d 1449135